| 000 | 00459nam a2200181Ia 4500 | ||
|---|---|---|---|
| 003 | IT-RoPAU | ||
| 005 | 20220918175252.0 | ||
| 008 | 120407s9999 xx 000 0 und d | ||
| 040 | _aIT-RoPAU | ||
| 040 | _cIT-RoPAU | ||
| 100 |
_aTeobaldo Cesari _936396 |
||
| 245 | _aCompendio di storia della miracolosa immagine di S. Maria delle Grazie⦠| ||
| 260 | _aAlterocca - Terni | ||
| 300 | _c cm | ||
| 490 | _v1 | ||
| 600 |
_aopuscolo _9747 |
||
| 942 |
_cBK _2ddc |
||
| 999 |
_c662 _d662 |
||